Essentials of management: an international and leadership perspectives Ed 9 (Record no. 168620)
[ view plain ]
| 000 -LEADER | |
|---|---|
| fixed length control field | 00685nam a2200229Ia 4500 |
| 003 - CONTROL NUMBER IDENTIFIER | |
| control field | OSt |
| 005 - DATE AND TIME OF LATEST TRANSACTION | |
| control field | 20230317112737.0 |
| 008 - FIXED-LENGTH DATA ELEMENTS--GENERAL INFORMATION | |
| fixed length control field | 210423s2014 xx 000 0 und d |
| 020 ## - INTERNATIONAL STANDARD BOOK NUMBER | |
| International Standard Book Number | 978-1-25-900512-1 |
| 040 ## - CATALOGING SOURCE | |
| Transcribing agency | AL |
| 041 ## - LANGUAGE CODE | |
| Language code of text/sound track or separate title | eng |
| 082 ## - DEWEY DECIMAL CLASSIFICATION NUMBER | |
| Classification number | 658 |
| Edition number | 23 |
| Item number | KOOE |
| 100 ## - MAIN ENTRY--PERSONAL NAME | |
| Personal name | KOONTZ (Harold);WEIHRICH (Heinz) |
| 9 (RLIN) | 76085 |
| 245 ## - TITLE STATEMENT | |
| Title | Essentials of management: an international and leadership perspectives Ed 9 |
| 250 ## - EDITION STATEMENT | |
| Edition statement | 9 |
| 260 ## - PUBLICATION, DISTRIBUTION, ETC. | |
| Place of publication, distribution, etc. | New Delhi |
| Name of publisher, distributor, etc. | McGrawhill Education |
| Date of publication, distribution, etc. | 2014 |
| 300 ## - PHYSICAL DESCRIPTION | |
| Extent | xxxv,500 |
| Other physical details | PB |
| 365 ## - TRADE PRICE | |
| Price amount | 499 |
| Currency code | INR |
| 650 ## - SUBJECT ADDED ENTRY--TOPICAL TERM | |
| Topical term or geographic name entry element | Management |
| 9 (RLIN) | 76086 |
| 906 ## - LOCAL DATA ELEMENT F, LDF (RLIN) | |
| a | 9 ; an ; Essentials ; international ; leadership ; management: ; perspectives |
| 942 ## - ADDED ENTRY ELEMENTS (KOHA) | |
| Source of classification or shelving scheme | Dewey Decimal Classification |
| Koha item type | Book |
| Withdrawn status | Lost status | Damaged status | Not for loan | Collection code | Home library | Current library | Date acquired | Source of acquisition | Cost, normal purchase price | Total Checkouts | Full call number | Barcode | Date last seen | Price effective from | Koha item type |
|---|---|---|---|---|---|---|---|---|---|---|---|---|---|---|---|
| M Com | St Aloysius PG Library | St Aloysius PG Library | 08/07/2017 | super book services, Bangalore | 499.00 | 658 KOOE | PG015122 | 08/24/2022 | 04/26/2021 | Book |